|
|
|
|
| LEADER |
01222nam a2200265 a 4500 |
| 001 |
12418877 |
| 008 |
101101r20072002maua b 001 0 eng d |
| 010 |
|
|
|a 2001032540
|
| 020 |
|
|
|a 8177583573
|
| 020 |
|
|
|a 0805385665
|
| 040 |
|
|
|a DLC
|c DLC
|d DLC
|d BD-DhAAL
|
| 082 |
0 |
0 |
|a 535
|2 21
|
| 100 |
1 |
|
|a Hecht, Eugene.
|
| 245 |
1 |
0 |
|a Optics /
|c Eugene Hecht.
|
| 250 |
|
|
|a 4th ed.
|
| 260 |
|
|
|a Reading, Mass. :
|b Addison-Wesley ;
|a New Delhi :
|b Pearson Education,
|c c2002
|g (Impression 2007).
|
| 300 |
|
|
|a vi, 698 p. :
|b ill. ;
|c 24 cm.
|
| 504 |
|
|
|a Includes bibliographical references and index.
|
| 541 |
|
|
|e 00016381
|
| 650 |
|
0 |
|a Optics.
|
| 852 |
4 |
|
|a Ayesha Abed Library
|j General shelf.
|
| 999 |
|
|
|c 9999
|d 9999
|
| 952 |
|
|
|0 0
|1 0
|2 ddc
|4 0
|6 535_HEC_200700000000000
|7 0
|9 12985
|a BRACUL
|b BRACUL
|c GEN
|d 2010-11-01
|l 10
|m 80
|o 535 HEC
|p 3010016381
|q 2025-10-28
|r 2022-09-29
|s 2022-09-29
|t 1
|w 2010-11-01
|y BK
|
| 952 |
|
|
|0 0
|1 0
|2 ddc
|4 0
|6 535_HEC_200700000000000
|7 0
|9 12986
|a BRACUL
|b BRACUL
|c GEN
|d 2010-11-01
|l 13
|m 49
|o 535 HEC
|p 3010016382
|r 2024-09-19
|s 2024-06-29
|t 2
|w 2010-11-01
|y BK
|
| 952 |
|
|
|0 0
|1 0
|2 ddc
|4 0
|6 535_HEC_200700000000000
|7 0
|9 12987
|a BRACUL
|b BRACUL
|c GEN
|d 2010-11-01
|l 12
|m 51
|o 535 HEC
|p 3010016383
|q 2026-06-02
|r 2026-05-16
|s 2026-05-16
|t 3
|w 2010-11-01
|y BK
|